000 00767nam a2200229 i 4500
001 181658
003 ES-MaACL
005 20250822063230.0
008 130306s1981 sp | |||||||| |ccat d
020 _a84-233-0529-5
080 _a929(460.23)"19"
100 1 _aPla, Josep,
_d1897-1981
_9164614
245 1 0 _aHomenots:
_bsegona sèrie : Pere Bosch Gimpera, Ramon d'Abadal, Jaume Vicens Vives...
260 _aBarcelona :
_bDestino,
_c1981.
300 _a637 p. ;
_c18 cm.
490 1 _aObra completa de Josep Pla ;
_v16
650 4 _aCatalanes-
_yS.XIX-
_vBiografías.
_9152433
650 4 _aCatalanes-
_yS.XX-
_vBiografías.
_9152434
830 0 _aObra completa de Josep Pla ;
_v16
_9191524
852 _aES-MaACL
_jJ-46(16)
999 _c181658
_d181658